JAPAN S GREAT STAGNATION FINANCIAL AND M (Record no. 10842)

MARC details
000 -LEADER
fixed length control field 00354nam a2200133Ia 4500
008 - FIXED-LENGTH DATA ELEMENTS--GENERAL INFORMATION
fixed length control field 240624s9999 xx 000 0 und d
041 ## - LANGUAGE CODE
Language code of text/sound track or separate title eng
082 ## - DEWEY DECIMAL CLASSIFICATION NUMBER
Classification number 339.50952 HUT
100 ## - MAIN ENTRY--PERSONAL NAME
Personal name HUTCHISON MICHAEL M
245 ## - TITLE STATEMENT
Title JAPAN S GREAT STAGNATION FINANCIAL AND M
260 ## - PUBLICATION, DISTRIBUTION, ETC.
Date of publication, distribution, etc. 2006
Place of publication, distribution, etc. London
Name of publisher, distributor, etc. MIT Press
300 ## - PHYSICAL DESCRIPTION
Extent vi, : 276 : p. : cm. ; 23
365 ## - TRADE PRICE
Currency code
Price amount 25
Holdings
Withdrawn status Lost status Damaged status Not for loan Home library Current library Shelving location Date acquired Source of acquisition Cost, normal purchase price Total Holds Full call number Barcode Date last seen Copy number Price effective from Koha item type
        IMTN IMTN Rack 14-B 10/06/2008 AP 37.50 1280 339.50952 HUT 10842 06/24/2024 45.2 06/24/2024 Books
Designed & Maintained by: LRC IMT Nagpur Contact: lrc@imtnag.ac.in© 2024. All Rights Reserved.